Statistics for Just Go South ! - United Kingdom

Click here to take the quiz!

General Stats

  • This quiz has been taken 1,782 times
  • The average score is 9 of 15

Answers on the Map

Answers color-coded by a green-red scale on the quiz's map according to % correct below.
 

Answer Stats

Answer% Correct
Aberdeen
92%
Glasgow
82%
Manchester
72%
Plymouth
71%
Birmingham
67%
Cardiff
66%
Nottingham
60%
Southampton
60%
Belfast
56%
Leeds
56%
Newcastle
54%
Oxford
51%
Dover
50%
Cambridge
44%
Douglas
40%

Score Distribution

Percentile by Number Answered

Percent of People with Each Score

Your Score History

You have not taken this quiz